| 000 | 00543nam a2200193 i 4500 | ||
|---|---|---|---|
| 001 | bgj | ||
| 245 | 0 | 0 |
_aWebster's Third New International Dictionary / _cPhilip Babcock Gove, editor in chief. |
| 260 |
_aCologne : _bKoenemann, _c1993. |
||
| 300 |
_a120a, 2662 pp : _bill. ; _c31 cm. |
||
| 650 | 9 | _aEnglish language | |
| 655 | _aDictionaries | ||
| 700 | 1 |
_aGOVE, Philip Babcock. _eeditor |
|
| 020 | _a3829052928 | ||
| 040 | _cBPK | ||
| 041 | 0 | _aeng | |
| 920 | _a3-8290-5292-8 | ||
| 942 | _cKS | ||
| 008 | s uk f |000 0 eng | ||
| 999 |
_c48735 _d48735 |
||